[Event "FIDE-Wch k.o."]
[Site "Tripoli"]
[Date "2004.06.22"]
[Round "2.2"]
[White "Tiviakov, Sergei"]
[Black "Nisipeanu, Liviu Dieter"]
[Result "1/2-1/2"]
[WhiteElo "2593"]
[BlackElo "2692"]
[Annotator "Lukacs,P"]
[PlyCount "47"]
[EventDate "2004.06.19"]
[EventType "k.o."]
[EventRounds "7"]
[EventCountry "LBY"]
[SourceTitle "CBM 102"]
[Source "ChessBase"]
[SourceDate "2004.09.23"]
[SourceVersion "1"]
[SourceVersionDate "2004.09.23"]
[SourceQuality "1"]

1. e4 c6 2. d4 d5 3. Nd2 dxe4 4. Nxe4 Nf6 5. Nxf6+ gxf6 6. c3 Qd5 $5 (6... Bf5
{is more popular.} 7. Nf3 (7. Ne2 {is the sharp main line}) 7... e6 8. g3 {
The B is a good defender on g2, and Black has no real counterplay on the g <->.
} Bd6 (8... Bg7) (8... Qd5 $5) 9. Bg2 (9. Qe2 Nd7 10. Nh4 {White wants to make
profit from the vulnerable B on f5.} Bg6 11. Bg2 Qc7 {is more to the point.} (
11... Qe7 $6 12. O-O O-O-O 13. Re1 Rhe8 14. Be3 {Soon or later White will
begin his march of the << pawns.} Nb6 (14... Kb8 $6 15. b4 $1 {/\ b5 opening
uo the lines and especially the long /^ for the B.} f5 16. b5 c5 17. Qf3 $1 Nf6
18. Nxg6 hxg6 19. dxc5 Be5 20. Bg5 {1:0 Slobodjan-Doeres, Pyramiden Franken
Cup 1998}) 15. c4 Bc7 16. Rad1 $14 {with prospects of an assault on the <<.}))
9... Nd7 (9... Be4 $2 {loses vital tempi.} 10. O-O Qe7 (10... Nd7 11. Re1 f5 $2
12. Ng5 $1 Bxg2 13. Qh5 $1 {1:0 Wells-Nestrovic, Harkany op 1994}) 11. Re1 f5
12. Nh4 $1 Rg8 (12... Bxg2 $2 {is met by the zwischenzug} 13. Nxf5 $1 $18) 13.
Bxe4 Qxh4 14. Bxf5 Nd7 15. Bxe6 $1 {destroying Black's defensive line.} O-O-O (
15... fxe6 16. Rxe6+ Be7 17. Qe2 Kd8 18. Kh1 $18 {with three pawns for the
piece and a devastating ->.}) 16. Bxd7+ Rxd7 17. Qf3 $18 {A.Ivanov-Metrick,
New York op 1997}) 10. Nh4 (10. Qe2 Qc7 11. O-O O-O 12. Nh4 Bg6 13. Bh6 Rfe8
14. Rfe1 Bf8 15. Bxf8 Nxf8 16. Rad1 Rad8 17. b4 a5 18. a3 Kg7 19. f4 f5 {
The B on g6 is walled up.} 20. Bf3 $14 {Pribyl-Pezerovic, Bundesliga 1995}) (
10. O-O Qc7 (10... Bg4 11. Re1 Qa5 12. h3 Bxf3 13. Qxf3 Rg8 14. b4 Qc7 15. Rb1
{The black K cannot find a safe place on the board.} f5 16. c4 Rg6 17. c5 Be7
18. Bf4 $16 {and Black is pushed to the wall, De Firmian-Henriksson, Rilton
Cup op 1993.}) 11. Re1 (11. Be3 Bg4 12. Qb3 Bxf3 13. Bxf3 h5 14. c4 h4 15. c5 {
just in time! Otherwise the threat of taking on g3 would be fatal.} Be7 16. Qa4
$16 {Arnason-Christiansen, Lone Pine 1980}) 11... O-O-O 12. b4 {/\ b5 opening
up the long /^.} (12. c4 c5) 12... e5 13. a4 h5 14. b5 c5 15. Nh4 Bg6 16. a5 {
/\ b6 opening lines against the K.} f5 17. Bg5 Rde8 18. b6 $1 $16 {
Gallagher-Lematschko, SWZ-chT 1991}) 10... Bg6 11. Bh6 (11. O-O O-O (11... Qc7
12. Re1 (12. c4 O-O 13. d5 Rfe8 14. f4 f5 15. b3 cxd5 16. cxd5 Be7 17. Be3 exd5
18. Nxg6 hxg6 19. Qxd5 Bc5 $11 {King-Pezerovic, Bundesliga 1995}) 12... O-O-O
13. b4 {is the standard << ->.} Nb6 14. Qf3 {The battery on the long /^ is
effective.} Be7 15. a4 Nd5 16. b5 f5 17. c4 Nb4 18. Qc3 $16 {Gallagher-Bex,
Ticino op 1990}) 12. c4 Re8 13. d5 cxd5 14. cxd5 e5 15. f4 exf4 16. Bxf4 Ne5
17. Nxg6 hxg6 {Black has built up a successful blockade on the dark squares.}
18. Qb3 Qe7 19. Rad1 Rac8 $11 {Seibold-Pezerovic, Obrliga Bayern 1997}) 11...
Qc7 (11... f5 12. O-O Qc7 (12... Nf6 $2 13. Qb3 $1 $16 {Now Black has problems
to defend >< b7, W.Watson-Pezerovic, Germany 2000 CBM 76.}) 13. Re1 O-O-O 14.
f4 (14. b4 f4) 14... Rhg8 15. b4 Be7 16. Nf3 Bh5 $13) 12. O-O O-O-O 13. b4 (13.
f4 f5 14. b4 {- 13.b4}) 13... f5 (13... Kb8 14. Qe2 e5 15. b5 $36) 14. f4 (14.
Qe2 f4 15. b5 c5) 14... Be7 15. Nf3 Bh5 $13) 7. Ne2 (7. Qb3 {doesn't look very
aggressive.} e6 (7... Qe4+ {Now White will gain some tempi chasing the Q.} 8.
Ne2 (8. Be3 Bh6 9. Kd2 Qh4 $5 $132 (9... Bxe3+ 10. fxe3 $14 {Turov-Eliseev, St
Petersburg 1998})) 8... Nd7 9. Be3 Nb6 10. Ng3 Qg6 11. c4 f5 12. Bd3 Bg7 13.
O-O-O O-O 14. Qc2 $16 {Leonhardt-Nimzowitsch, Karlsbad 1907}) 8. Ne2 Qxb3 9.
axb3 Bd6 10. Ng3 Nd7 11. Be2 f5 $11 (11... Bc7 12. Bf3 Ke7 13. Bd2 $14 {
Leonhardt-Nimzowitsch, Karlsbad 1911})) (7. Be3 {White can wait with the
development of this B, it is not impressive on e3 either.} Bf5 (7... Rg8 {
This is not so necessary, there are no real threats on the g <->.} 8. Ne2 (8.
Nf3 Nd7 9. Qb3 {The exchange of Q helps Black.} (9. g3 Nb6 10. b3 Bg4 11. Bg2
e5 {Black has a dangerous counterplay in the [+].} (11... O-O-O $5) 12. dxe5
fxe5 13. h3 Bh5 14. Qxd5 Nxd5 15. Bd2 O-O-O 16. O-O f6 $15 {Ristic-Pasman,
Groningen 1977}) 9... Nb6 10. c4 Qh5 11. O-O-O Bh6 12. Re1 Be6 13. Qb4 O-O-O
14. b3 Rd7 $13 {Kagan-Basman, Birmingham 1977}) 8... Bg4 9. Qc2 (9. h3 Bxe2 10.
Qxe2 {^^} e6 11. Qd2 (11. O-O-O $6 {is too light-hearted.} Qxa2 12. Qh5 h6 $15
{Filipovic-Bukic, Banja Luka 1983}) 11... Nd7 12. c4 $14) 9... Bf5 10. Qd2 Na6
11. Ng3 Bg6 12. b4 e5 13. f4 exf4 14. Bxf4 $16 {with a much better P structure,
Kudrin-Josenhans, Philadelphia 1992.}) 8. Ne2 Nd7 9. Nf4 Qd6 10. Bd3 Bg6 11.
Ne2 {This is not a very straightforward plan...} (11. Qb3 Nb6) 11... O-O-O 12.
O-O Ne5 $5 $132 {M.Pavlovic-Efimov, Lido Estensi 2003}) (7. Nf3 Bf5 (7... Bg4
8. Be2 $14) 8. Be3 Nd7 $13) (7. c4 $142 Qe4+ 8. Be3 {The black Q is only
developed piece in the black camp...} e5 9. Ne2 Bb4+ 10. Nc3 (10. Bd2 Na6 $13 {
Mack-McDonald Ross, Birmingham 2001}) 10... f5 $5 (10... Bxc3+ 11. bxc3 {^^}
Bf5 12. Qd2 Nd7 13. f3 $16 {Karatorossian,D-Pinto,M/Budapest 1997}) 11. Rg1 (
11. a3 $4 Bxc3+ 12. bxc3 f4) 11... Rg8 (11... f4 $2 12. Bd3 $16) 12. a3 Bxc3+
13. bxc3 Nd7 14. Bd3 Rxg2 15. Kd2 Rxg1 16. Qxg1 $14 {with a big lead of
development for White.}) 7... e5 $1 (7... Nd7 8. Nf4 Qa5 9. Bc4 Nb6 10. Bb3 Bh6
11. O-O Bxf4 12. Bxf4 $16 {with an active ^^, Gaprindashvili-A.Grinfeld,
Tbilisi 1979.}) (7... Bf5 8. Nf4 Qd6 9. Qb3 Qc7 10. Bc4 e6 11. Nh5 Nd7 12. Bf4
$14 {and White has won a lot of tempi chasing the black Q, L.Kovacs-Pinto,
Budapest 1997}) 8. Be3 (8. Qb3 {is too modest.} Qxb3 9. axb3 Be6 10. b4 Nd7 11.
Be3 a6 12. Ng3 {1/2-1/2 A.Sokolov-Seirawan, Rotterdam 1989}) 8... Be6 (8... Bg4
9. Qd2 Nd7 10. h3 Bxe2 11. Qxe2 Rg8 12. Qh5 $14 {Black has weaknesses on the
>>, and the ^^ may also work well, Tangelder-Wortel, Leiden 1998.}) 9. f4 $5 (
9. Qc2 Nd7 10. a3 {/\ 0-0-0} O-O-O 11. O-O-O Nb6 12. dxe5 Qxd1+ 13. Qxd1 Rxd1+
14. Kxd1 fxe5 {The _|_ cannot pose a serious problem for Black.} 15. Ng3 f5 16.
Bd3 e4 17. Be2 c5 18. Nh5 {1/2-1/2 Spassky-Seirawan, Barcelona 1989}) 9... Nd7
(9... e4 $5 {deserved attention as well.} 10. Ng3 (10. f5 Qxf5 11. Nf4 Bd6 12.
g3 Bxf4 13. Bxf4 Nd7 $44) (10. b3 f5 11. c4 Qa5+ 12. Bd2 Qd8 13. Bc3 Rg8 $13)
10... f5 11. Qb3 (11. b3 Nd7 12. Bc4 Qd6 13. Bxe6 fxe6 14. Qh5+ Kd8) 11... Qxb3
12. axb3 Nd7 13. b4 Nb6 $11 {Now White cannot advance his pawns on the <<.})
10. dxe5 (10. Ng3 Bh6 $1 11. Qd2 exd4 12. Bxd4 O-O-O $132) 10... fxe5 11. Qxd5
Bxd5 12. fxe5 Nxe5 13. Nf4 Be4 {White's P structure is a bit better, but the
active black pieces fully compensate this.} 14. Be2 O-O-O 15. O-O (15. Bxa7 {
There is no time for hunting pawns.} Bh6 16. Rf1 $5 (16. O-O Rd2 $132) (16. Be3
Rhe8 17. O-O Bd3 $44) 16... Rhe8 17. Rd1 Bd3 $1 $44 {and the K feels himself
uncomfortably in the [+].}) 15... Bh6 16. Bd4 (16. Bxa7 Rd2 $44) 16... Rhe8 17.
Nh5 Bd3 18. Bxd3 Nxd3 19. Rxf7 {White has won a P, but his pieces lack harmony.
} (19. Bxa7 c5 $1 20. Rxf7 (20. Rf5 Re2 21. Bxc5 Nxc5 22. Rxc5+ Kb8 23. Kh1
Rxb2 $44) 20... Be3+ 21. Kf1 Bc1 $132) 19... c5 $1 {The black pieces become
more and more active.} 20. Bf6 (20. Rxh7 Bc1 21. Bf2 Bxb2 22. Rb1 Nxf2 23. Kxf2
Rd2+ 24. Kf3 Rc2 25. Nf4 Rxc3+ 26. Kg4 Rg8+ 27. Kf5 Rf8+ 28. Kg5 Rc2 $132)
20... Rd5 (20... Rd7 21. Rxd7 Kxd7 $44) 21. Ng7 (21. g4 $5 Rg8 22. Ng3 Rd7 (
22... Rxg4 23. Rxh7 Bc1 24. b3 Rf4 25. c4 $14) 23. Rxd7 Kxd7 24. h3 Ke6 25. Rf1
Nxb2 26. Nf5 Bf8 27. Be7 Nd3 $11) 21... Re2 22. Bh4 Nc1 (22... Bxg7 23. Rxg7
Rd7 $44 {and the penetration on the second rank is annoying.}) 23. Rf8+ Kd7 24.
Rd8+ 1/2-1/2

[Event "Dos Hermanas-B"]
[Site "Dos Hermanas"]
[Date "2005.04.06"]
[Round "6"]
[White "Fernandez Romero, Ernesto"]
[Black "Campora, Daniel Hugo"]
[Result "1-0"]
[WhiteElo "2449"]
[BlackElo "2545"]
[Annotator "Lukacs,P"]
[PlyCount "61"]
[EventDate "2005.04.01"]
[EventType "tourn"]
[EventRounds "9"]
[EventCountry "ESP"]
[EventCategory "10"]
[SourceTitle "CBM 107"]
[Source "ChessBase"]
[SourceDate "2005.08.01"]
[SourceVersion "1"]
[SourceVersionDate "2005.08.01"]
[SourceQuality "1"]

1. e4 c6 2. Nc3 d5 3. d4 dxe4 4. Nxe4 Nf6 5. Nxf6+ gxf6 6. c3 Bf5 (6... Qd5 $5
7. c4 $142 (7. Qb3 {doesn't look very aggressive.} e6 (7... Qe4+ {Now White
will gain some tempi chasing the Q.} 8. Ne2 (8. Be3 Bh6 9. Kd2 Qh4 $5 $132 (
9... Bxe3+ 10. fxe3 $14 {Turov-Eliseev, St Petersburg 1998})) 8... Nd7 9. Be3
Nb6 10. Ng3 Qg6 11. c4 f5 12. Bd3 Bg7 13. O-O-O O-O 14. Qc2 $16 {
Leonhardt-Nimzowitsch, Karlsbad 1907}) 8. Ne2 Qxb3 9. axb3 Bd6 10. Ng3 Nd7 11.
Be2 f5 $11 (11... Bc7 12. Bf3 Ke7 13. Bd2 $14 {Leonhardt-Nimzowitsch, Karlsbad
1911})) (7. Be3 {White can wait with the development of this B, it is not
impressive on e3 either.} Bf5 (7... Rg8 {This is not so necessary, there are
no real threats on the g <->.} 8. Ne2 (8. Nf3 Nd7 9. Qb3 {The exchange of Q
helps Black.} (9. g3 Nb6 10. b3 Bg4 11. Bg2 e5 {Black has a dangerous
counterplay in the [+].} (11... O-O-O $5) 12. dxe5 fxe5 13. h3 Bh5 14. Qxd5
Nxd5 15. Bd2 O-O-O 16. O-O f6 $15 {Ristic-Pasman, Groningen 1977}) 9... Nb6 10.
c4 Qh5 11. O-O-O Bh6 12. Re1 Be6 13. Qb4 O-O-O 14. b3 Rd7 $13 {Kagan-Basman,
Birmingham 1977}) 8... Bg4 9. Qc2 (9. h3 Bxe2 10. Qxe2 {^^} e6 11. Qd2 (11.
O-O-O $6 {is too light-hearted.} Qxa2 12. Qh5 h6 $15 {Filipovic-Bukic, Banja
Luka 1983}) 11... Nd7 12. c4 $14) 9... Bf5 10. Qd2 Na6 11. Ng3 Bg6 12. b4 e5
13. f4 exf4 14. Bxf4 $16 {with a much better P structure, Kudrin-Josenhans,
Philadelphia 1992.}) 8. Ne2 Nd7 9. Nf4 Qd6 10. Bd3 Bg6 11. Ne2 {This is not a
very straightforward plan...} (11. Qb3 Nb6) 11... O-O-O 12. O-O Ne5 $5 $132 {
M.Pavlovic-Efimov, Lido Estensi 2003}) (7. Nf3 Bf5 (7... Bg4 8. Be2 $14) 8. Be3
Nd7 $13) (7. Ne2 e5 $1 (7... Nd7 8. Nf4 Qa5 9. Bc4 Nb6 10. Bb3 Bh6 11. O-O Bxf4
12. Bxf4 $16 {with an active ^^, Gaprindashvili-A.Grinfeld, Tbilisi 1979.}) (
7... Bf5 8. Nf4 Qd6 9. Qb3 Qc7 10. Bc4 e6 11. Nh5 Nd7 12. Bf4 $14 {and White
has won a lot of tempi chasing the black Q, L.Kovacs-Pinto, Budapest 1997}) 8.
Be3 (8. Qb3 {is too modest.} Qxb3 9. axb3 Be6 10. b4 Nd7 11. Be3 a6 12. Ng3 {
1/2-1/2 A.Sokolov-Seirawan, Rotterdam 1989}) 8... Be6 (8... Bg4 9. Qd2 Nd7 10.
h3 Bxe2 11. Qxe2 Rg8 12. Qh5 $14 {Black has weaknesses on the >>, and the ^^
may also work well, Tangelder-Wortel, Leiden 1998.}) 9. f4 $5 (9. Qc2 Nd7 10.
a3 {/\ 0-0-0} O-O-O 11. O-O-O Nb6 12. dxe5 Qxd1+ 13. Qxd1 Rxd1+ 14. Kxd1 fxe5 {
The _|_ cannot pose a serious problem for Black.} 15. Ng3 f5 16. Bd3 e4 17. Be2
c5 18. Nh5 {1/2-1/2 Spassky-Seirawan, Barcelona 1989}) 9... Nd7 (9... e4 $5 {
deserved attention as well.} 10. Ng3 (10. f5 Qxf5 11. Nf4 Bd6 12. g3 Bxf4 13.
Bxf4 Nd7 $44) (10. b3 f5 11. c4 Qa5+ 12. Bd2 Qd8 13. Bc3 Rg8 $13) 10... f5 11.
Qb3 (11. b3 Nd7 12. Bc4 Qd6 13. Bxe6 fxe6 14. Qh5+ Kd8) 11... Qxb3 12. axb3 Nd7
13. b4 Nb6 $11 {Now White cannot advance his pawns on the <<.}) 10. dxe5 (10.
Ng3 Bh6 $1 11. Qd2 exd4 12. Bxd4 O-O-O $132) 10... fxe5 11. Qxd5 Bxd5 12. fxe5
Nxe5 13. Nf4 Be4 {White's P structure is a bit better, but the active black
pieces fully compensate this, Tiviakov-Nisipeanu, Tripoli 2004 CBM 102.}) 7...
Qe4+ 8. Be3 {The black Q is only developed piece in the black camp...} e5 9.
Ne2 Bb4+ 10. Nc3 (10. Bd2 Na6 $13 {Mack-McDonald Ross, Birmingham 2001}) 10...
f5 $5 (10... Bxc3+ 11. bxc3 {^^} Bf5 12. Qd2 Nd7 13. f3 $16 {
Karatorossian-Pinto, Budapest 1997}) 11. Rg1 (11. a3 $4 Bxc3+ 12. bxc3 f4)
11... Rg8 (11... f4 $2 12. Bd3 $16) 12. a3 Bxc3+ 13. bxc3 Nd7 14. Bd3 Rxg2 15.
Kd2 Rxg1 16. Qxg1 $14 {with a big lead of development for White.}) 7. Nf3 (7.
Ne2 {is the sharp main line}) 7... Nd7 (7... e6 8. g3 {The B is a good
defender on g2, and Black has no real counterplay on the g <->.} Bd6 (8... Bg7)
(8... Qd5 $5) 9. Bg2 (9. Qe2 Nd7 10. Nh4 {White wants to make profit from the
vulnerable B on f5.} Bg6 11. Bg2 Qc7 {is more to the point.} (11... Qe7 $6 12.
O-O O-O-O 13. Re1 Rhe8 14. Be3 {Soon or later White will begin his march of
the << pawns.} Nb6 (14... Kb8 $6 15. b4 $1 {/\ b5 opening uo the lines and
especially the long /^ for the B.} f5 16. b5 c5 17. Qf3 $1 Nf6 18. Nxg6 hxg6
19. dxc5 Be5 20. Bg5 {1-0 Slobodjan-Doeres, Pyramiden Franken Cup 1998}) 15. c4
Bc7 16. Rad1 $14 {with prospects of an assault on the <<.})) 9... Nd7 (9... Be4
$2 {loses vital tempi.} 10. O-O Qe7 (10... Nd7 11. Re1 f5 $2 12. Ng5 $1 Bxg2
13. Qh5 $1 {1-0 Wells-Nestrovic, Harkany op 1994}) 11. Re1 f5 12. Nh4 $1 Rg8 (
12... Bxg2 $2 {is met by the zwischenzug} 13. Nxf5 $1 $18) 13. Bxe4 Qxh4 14.
Bxf5 Nd7 15. Bxe6 $1 {destroying Black's defensive line.} O-O-O (15... fxe6 16.
Rxe6+ Be7 17. Qe2 Kd8 18. Kh1 $18 {with three pawns for the piece and a
devastating ->.}) 16. Bxd7+ Rxd7 17. Qf3 $18 {A.Ivanov-Metrick, New York op
1997}) 10. Nh4 (10. Qe2 Qc7 11. O-O O-O 12. Nh4 Bg6 13. Bh6 Rfe8 14. Rfe1 Bf8
15. Bxf8 Nxf8 16. Rad1 Rad8 17. b4 a5 18. a3 Kg7 19. f4 f5 {The B on g6 is
walled up.} 20. Bf3 $14 {Pribyl-Pezerovic, Bundesliga 1995}) (10. O-O Qc7 (
10... Bg4 11. Re1 Qa5 12. h3 Bxf3 13. Qxf3 Rg8 14. b4 Qc7 15. Rb1 {The black K
cannot find a safe place on the board.} f5 16. c4 Rg6 17. c5 Be7 18. Bf4 $16 {
and Black is pushed to the wall, De Firmian-Henriksson, Rilton Cup op 1993.})
11. Re1 (11. Be3 Bg4 12. Qb3 Bxf3 13. Bxf3 h5 14. c4 h4 15. c5 {just in time!
Otherwise the threat of taking on g3 would be fatal.} Be7 16. Qa4 $16 {
Arnason-Christiansen, Lone Pine 1980}) 11... O-O-O 12. b4 {/\ b5 opening up
the long /^.} (12. c4 c5) 12... e5 13. a4 h5 14. b5 c5 15. Nh4 Bg6 16. a5 {
/\ b6 opening lines against the K.} f5 17. Bg5 Rde8 18. b6 $1 $16 {
Gallagher-Lematschko, SWZ-chT 1991}) 10... Bg6 11. Bh6 (11. O-O O-O (11... Qc7
12. Re1 (12. c4 O-O 13. d5 Rfe8 14. f4 f5 15. b3 cxd5 16. cxd5 Be7 17. Be3 exd5
18. Nxg6 hxg6 19. Qxd5 Bc5 $11 {King-Pezerovic, Bundesliga 1995}) 12... O-O-O
13. b4 {is the standard << ->.} Nb6 14. Qf3 {The battery on the long /^ is
effective.} Be7 15. a4 Nd5 16. b5 f5 17. c4 Nb4 18. Qc3 $16 {Gallagher-Bex,
Ticino op 1990}) 12. c4 Re8 13. d5 cxd5 14. cxd5 e5 15. f4 exf4 16. Bxf4 Ne5
17. Nxg6 hxg6 {Black has built up a successful blockade on the dark squares.}
18. Qb3 Qe7 19. Rad1 Rac8 $11 {Seibold-Pezerovic, Obrliga Bayern 1997}) 11...
Qc7 (11... f5 12. O-O Qc7 (12... Nf6 $2 13. Qb3 $1 $16 {Now Black has problems
to defend >< b7, W.Watson-Pezerovic, Germany 2000 CBM 76.}) 13. Re1 O-O-O 14.
f4 (14. b4 f4) 14... Rhg8 15. b4 Be7 16. Nf3 Bh5 $13) 12. O-O O-O-O 13. b4 (13.
f4 f5 14. b4 {- 13.b4}) 13... f5 (13... Kb8 14. Qe2 e5 15. b5 $36) 14. f4 (14.
Qe2 f4 15. b5 c5) 14... Be7 15. Nf3 Bh5 $13) 8. g3 Nb6 {/\ Qd7, Bh3, 0-0-0} (
8... Qa5 9. Qe2 {/\ Bg2, 0-0} (9. Bg2 Qa6 {This is the point, Black is
fighting against 0-0.} 10. Bf1 (10. Nh4 $6 Bd3 11. b3 e5 $1 $132 (11... e6 {
is passive.} 12. c4 {(P.Popovic-Damljanovic, Novi Sad 1985)} Bg6 13. O-O O-O-O
14. Be3 $14)) (10. Be3 e6 11. Bf1 Qa5 12. Nh4 Be4 13. f3 Bg6 14. Be2 {Now
White's position is not so harmonious.} O-O-O 15. Kf2 Bd6 16. b4 Qc7 17. b5 c5
$13 {Y.Gruenfeld-Pasman, Israel 2003}) 10... Qa5 {is a repetition of moves.}
11. Qe2 Qd5 12. Bg2 Qe4 13. Be3 Qd3 14. Nh4 Qxe2+ 15. Kxe2 Bg4+ 16. f3 Be6 17.
f4 Nb6 18. f5 Bc4+ 19. Kf2 Bd5 20. b3 Bxg2 21. Nxg2 e6 22. Rhe1 $14 {and there
are defects in the black P structure, Luther-Bronstein, Gausdal 1994.}) 9...
O-O-O (9... Qd5 {see the aforementioned Luther-Bronstein game.}) 10. Bg2 Bg7
11. O-O Rhe8 {/\ e5} 12. Nh4 Bg6 13. a4 {/\ b4 advancing the pawns against the
black K.} e5 14. Nxg6 hxg6 15. Qc4 {White's ^^ is strong, especially the
fianchettoed B.} Re6 16. b4 Qc7 17. a5 $36 {Arnason-Chandler, Brighton 1981}) (
8... Qb6 9. Qe2 (9. Bg2 Qa6 {- 8...Qa5}) 9... O-O-O 10. Bg2 Qb5 11. Qxb5 (11.
c4 $6 Qb4+ 12. Bd2 (12. Nd2 h5 $132) 12... Qxb2 {Black can bravely take the
"poisoned" pawn.} 13. O-O Qa3 14. Rfc1 e5 $15 {Timoscenko-Anic, Biel 1994})
11... cxb5 {The _|_ is a bit better for White because of the two doubled pawns.
} 12. a4 (12. Nh4 Bc2 13. Bd2 Bg6 14. Nxg6 hxg6 15. h4 (15. Ke2 Bh6 16. f4 $14)
15... Bh6 16. Bxh6 (16. f4 $5) 16... Rxh6 17. O-O-O Nb6 $14) 12... bxa4 13.
Rxa4 Kb8 14. Bf4+ $16 {Wells-Anic, Budapest 1993}) (8... Be4 $5 {/\ f5
strengthening the centralized B.} 9. Bg2 e6 10. O-O Bg7 11. Re1 f5 $14 {
Dolmatov}) 9. Bg2 (9. Nh4 $5 {disturbing Black's plan looks interesting.}) 9...
Qd7 10. O-O O-O-O (10... h5 $2 11. a4 $1 $16 {- Campora-Morozevich, Moscow ol
1994 CBM 45}) (10... Bh3 {It is logical to exchange the strong fianchettoed B.}
11. Bxh3 (11. a4 Bxg2 12. Kxg2 h5 (12... Nd5 13. c4 Nc7 14. b4 {White comes
first on the <<.} a6 15. Bf4 Bg7 16. Qd2 O-O 17. a5 Rad8 18. Rad1 e6 19. Rfe1
$14 {Milovanovic-Campora, Tuzla 1983}) 13. h4 Bh6 14. c4 $1 (14. a5 Nd5 15. a6
b6 16. c4 Nc7 $13) 14... O-O-O 15. Qe2 Kb8 16. Bxh6 Rxh6 17. Rad1 Rg6 18. a5
Nc8 19. d5 $14 {and White grabs the |^ in the [+], Morovic Fernandez-Campora,
Ponferrada 1992.}) 11... Qxh3 12. a4 {/\ a5, c4-d5.} Qh5 (12... Qd7 13. a5 Nc8
$14) (12... Qf5 13. a5 Nd5 14. c4 Nc7 15. Bf4 Na6 16. d5 $14 {Glek-D.Roos,
Germany 1993}) (12... h5 13. a5 Nd5 14. Qb3 O-O-O 15. a6 {again White's ->
comes first.} b6 16. c4 Nc7 17. d5 c5 (17... cxd5 18. c5 b5 19. Nd4 $16) 18.
Bf4 $16 {Sherzer-Filipovich, Philadelphia 2003}) 13. a5 Nc4 (13... Nd5) 14. b3
Nd6 15. c4 e6 16. Ba3 {Black is deprived from long castles.} Rd8 17. a6 b6 18.
Qe2 Be7 19. Rfe1 $14 {P.Popovic-Korchnoi, Titograd 1984}) 11. a4 $1 Nd5 12. Bd2
(12. a5 h5) 12... e6 $2 (12... Bh3 $142 {is the logical continuation, the
fianchettoed B is strong in attack and defence as well.}) 13. Re1 $16 Kb8 14.
b4 {Now White has good attacking chances on the <<.} Bg4 15. Qb3 Nc7 16. Bf4
Bd6 (16... Ka8 17. b5 $40) 17. Bxd6 Qxd6 18. Nd2 e5 (18... Bf5 19. b5 $18) 19.
Ne4 Be6 (19... Qd5 20. Qxd5 Nxd5 21. b5 $1 $16) 20. Qb2 Qe7 21. b5 $1 {White
opens up lines and the long /^ for his ->.} cxb5 {[#]} 22. Nc5 $1 {This is the
point!} (22. axb5 b6 23. Nd2 h5 24. Ra4 h4 25. Rea1 hxg3 26. fxg3 exd4 27. Rxa7
Bd5 $132) 22... Bd5 (22... Bc8 {loses to} 23. axb5 b6 24. Qa3 $18) 23. axb5
Bxg2 24. Qa3 $1 {This is a very important intermediate move!} Kc8 25. Qxa7 $1 {
White continues his ->, the g2 B is not relevant.} Bd5 26. b6 Qd6 27. c4 $1 Bc6
28. d5 $1 Ne6 (28... Qxc5 29. bxc7 $18) 29. Nxe6 fxe6 30. dxc6 Qxc6 31. Rad1
1-0